000 01062nam a2200121Ia 4500
008 220620s9999||||xx |||||||||||||| ||und||
100 _aWeinar, Agnieszka||Klekowski von Koppenfels, Amanda
245 0 _aHighly-Skilled Migration: Between Settlement and Mobility
_bIMISCOE Short Reader
546 _aEnglish[eng]
650 _aSocial Sciences, general||Population Economics||Political Science||Human Geography||Sociology of Migration||Open access||Expatriates||Lifestyle migrants||Cosmopolitans||Eurostars||Elite migrants||Knowledge migrants||Low-skilled migrants||International student migration||Migration and integration||Migration and labour market||Settlement and mobility||Transatlantic migrations||Brain flows||Highly skilled migration||Labour market integration||Freedom of movement||Talent mobility||Society & Social Sciences||Sociology||Political economy||Population & demography||Political science & theory||Human geography
856 _uhttps://library.oapen.org/bitstream/20.500.12657/39534/1/2020_Book_Highly-SkilledMigrationBetween.pdf
942 _cEB
999 _c32549
_d32549